О высочайших посещениях Олонецкой губернии августейшими особами в XIX столетии. Вып. 7: [Путешествие их императорских высочеств государя великого князя Владимира Александровича и государыни великой княгини Марии Павловны] (Запись № 5451089)

Подробности
000 -МАРКЕР
контрольное поле 01879nam2a22002891 4500
001 - ИДЕНТИФИКАТОР ЗАПИСИ
контрольное поле v19\rc\1542931
005 - ИДЕНТИФИКАТОР ВЕРСИИ
контрольное поле 20260406081455.0
035 ## - ДРУГИЕ СИСТЕМНЫЕ НОМЕРА
Идентификатор записи (NLR Aleph) 005215321
100 ## - ДАННЫЕ ОБЩЕЙ ОБРАБОТКИ
Данные общей обработки 20060620d1885 |||y0rusy50 ca
101 0# - ЯЗЫК РЕСУРСА
Язык текста, звукозаписи и т.д. русский
102 ## - СТРАНА ПУБЛИКАЦИИ ИЛИ ПРОИЗВОДСТВА
Страна публикации Российская Федерация
105 ## - ПОЛЕ КОДИРОВАННЫХ ДАННЫХ: ТЕКСТОВЫЕ МАТЕРИАЛЫ, МОНОГРАФИЧЕСКИЕ
Кодированные данные о монографическом текстовом документе y z |||||
200 1# - ЗАГЛАВИЕ И СВЕДЕНИЯ ОБ ОТВЕТСТВЕННОСТИ
Основное заглавие [Путешествие их императорских высочеств государя великого князя Владимира Александровича и государыни великой княгини Марии Павловны]
210 ## - ПУБЛИКАЦИЯ, РАСПРОСТРАНЕНИЕ И ДР.
Дата издания, распространения и т.д. 1885
Место издания, распространения и т.д. Б. м.
215 ## - ФИЗИЧЕСКАЯ ХАРАКТЕРИСТИКА
Специфическое обозначение материала и объем [4], 105 с.
461 #0 - УРОВЕНЬ НАБОРА
Встроенное поле 001v19\rc\1542924
-- 2001#$aО высочайших посещениях Олонецкой губернии августейшими особами в XIX столетии$eИст. сб. Вып. 1-$vВып. 7
Системный номер (АБИС) связанной записи 3920245
Место публикации Петрозаводск
Дата публикации 1877-1896
Имя издателя, распространителя и т.д. Олонец. губ. стат. ком.
Сведения, относящиеся к заглавию Ист. сб. Вып. 1-
Заглавие О высочайших посещениях Олонецкой губернии августейшими особами в XIX столетии
Номер тома Вып. 7
540 1# - ДОПОЛНИТЕЛЬНОЕ ЗАГЛАВИЕ, ПРИМЕНЯЕМОЕ КАТАЛОГИЗАТОРОМ
Заглавие Путешествие их императорских высочеств государя великого князя Владимира Александровича и государыни великой княгини Марии Павловны
702 #0 - ИМЯ ЛИЦА - ВТОРИЧНАЯ ОТВЕТСТВЕННОСТЬ
Код отношения Прочие
Материалы, к которым относится поле rus
Графика поля Кириллица
Начальный элемент ввода Владимир Александрович
Дополнения к именам, кроме дат великий князь
Даты 1847-1909
Идентификатор авторитетной/нормативной записи RU\NLR\AUTH\7745683
Системный номер авторитетной/нормативной записи 28618
702 #0 - ИМЯ ЛИЦА - ВТОРИЧНАЯ ОТВЕТСТВЕННОСТЬ
Код отношения Прочие
Материалы, к которым относится поле rus
Графика поля Кириллица
Начальный элемент ввода Мария Павловна
Дополнения к именам, кроме дат великая княгиня
Даты 1854-1920
Идентификатор авторитетной/нормативной записи RU\NLR\AUTH\7758108
Системный номер авторитетной/нормативной записи 41040
801 #0 - ИСТОЧНИК ЗАПИСИ
Страна Российская Федерация
Организация NLR
Дата составления 20060620
Правила каталогизации psbo
801 #0 - ИСТОЧНИК ЗАПИСИ
Страна Российская Федерация
Организация RuMoRGB
Дата составления 20060620
Источник данных psbo
801 #1 - ИСТОЧНИК ЗАПИСИ
Страна Российская Федерация
Организация ProSoft-M
Дата составления 20060620
Источник данных rusmarc
801 #2 - ИСТОЧНИК ЗАПИСИ
Страна Российская Федерация
Организация NLR
Дата составления 20120815
Источник данных rusmarc
852 ## - МЕСТОНАХОЖДЕНИЕ И ШИФР ХРАНЕНИЯ
Идентификатор организации NLR
Шифр хранения (Call Number) 18.197.2.4
942 ## - ДОПОЛНИТЕЛЬНЫЕ ЭЛЕМЕНТЫ ЗАПИСИ (АБИС)
Тип экземпляра АБИС Книга
980 ## - КОЛЛЕКЦИЯ
Название коллекции Национальная библиография
Экземпляры
Тип экземпляра Дата поступления Библиотека постоянного хранения Библиотека текущего хранения Место хранения Шифр хранения Штрих-код Статус экземпляра
Книга 26.10.2013 РНБ (Садовая) РНБ (Садовая) Русский книжный фонд -Главное здание, Ленинский читальный зал 18.197.2.4 5215321-10